Rol' gosudarstva v rynočnom chozjajstve. 2.
Štát môže pôsobiť ako vonkajšia sila vo vzťahu k hospodárstvu prostredníctvom administratívneho regulovania, ale môže byť aj vlastníkom niektorých odvetví hospodárstva, či podnikov. Otázka vzťahu štátu k hospodárstvu je jednou z nedoriešených otázok ekonomickej teórie. Skúmanie postavenia štátu v kl...
Saved in:
| Main Author: | |
|---|---|
| Format: | Book Chapter |
| Language: | Russian |
| Subjects: | |
| Tags: |
No Tags, Be the first to tag this record!
|
MARC
| LEADER | 00000naa a2200000 4500 | ||
|---|---|---|---|
| 001 | r011317 | ||
| 005 | 20221208122955.6 | ||
| 041 | 0 | |a rus | |
| 044 | |a [SU] | ||
| 245 | 1 | 0 | |a Rol' gosudarstva v rynočnom chozjajstve. 2. |c V. Varga |
| 520 | |a Štát môže pôsobiť ako vonkajšia sila vo vzťahu k hospodárstvu prostredníctvom administratívneho regulovania, ale môže byť aj vlastníkom niektorých odvetví hospodárstva, či podnikov. Otázka vzťahu štátu k hospodárstvu je jednou z nedoriešených otázok ekonomickej teórie. Skúmanie postavenia štátu v klasickom liberálnom ekonomickom systéme a v systéme sociálno trhového hospodárstva. | ||
| 610 | 2 | 0 | |a štát |
| 610 | 2 | 0 | |a hospodárstvo trhové |
| 610 | 2 | 0 | |a regulácia hospodárska |
| 610 | 2 | 0 | |a teórie ekonomické |
| 610 | 2 | 0 | |a liberalizmus |
| 610 | 2 | 0 | |a politika sociálna |
| 610 | 2 | 0 | |a právo pracovné |
| 610 | 2 | 0 | |a zabezpečenie sociálne |
| 610 | 2 | 0 | |a poľnohospodárstvo |
| 100 | 1 | |a Varga, V. | |